[Event "Tenerife-chT Primera"]
[Site "Tenerife"]
[Date "2023.02.04"]
[Round "4.4"]
[White "Rosario Panina, Andrey"]
[Black "Quintero Hernandez, Marcos Jesus"]
[Result "0-1"]
[WhiteElo "1459"]
[BlackElo "1592"]
[PlyCount "52"]
[EventDate "2023.01.14"]
[EventType "team-tourn"]
[EventRounds "14"]
[EventCountry "ESP"]
[SourceTitle "EXT 2024"]
[Source "ChessBase"]
[SourceDate "2023.10.10"]
[SourceVersion "1"]
[SourceVersionDate "2023.10.10"]
[SourceQuality "1"]
[WhiteTeam "El Sauzal Libreria Barco II"]
[BlackTeam "Al Shah Mat Los Realejos II"]
[WhiteTeamCountry "ESP"]
[BlackTeamCountry "ESP"]

1. e4 e6 2. d3 d5 3. Nd2 a5 4. Ngf3 a4 5. a3 Nf6 6. g3 dxe4 7. dxe4 Bc5 8. Bg2 e5 9. 0-0 Nc6 10. h3 0-0 11. Re1 Be6 12. Qe2 Re8 13. Nb1 Qc8 14. Kh2 Nd4 15. Nxd4 Bxd4 16. Nc3 c6 17. Be3 Qc7 18. Rad1 Qb6 19. Rb1 Nd7 20. Bxd4 exd4 21. Nd1 Rad8 22. f4 f6 23. Bf3 Nc5 24. Qf2 Qa5 25. Be2 Nxe4 26. Qf1 Nd2 0-1

[Event "Tenerife-chT Preferente"]
[Site "Tenerife"]
[Date "2022.05.07"]
[Round "11.4"]
[White "Aguirre Lorenzo, Luis Francisco"]
[Black "Quintero Hernandez, Marcos Jesus"]
[Result "1-0"]
[WhiteElo "1859"]
[BlackElo "1457"]
[PlyCount "55"]
[EventDate "2022.01.29"]
[EventType "team-tourn"]
[EventRounds "14"]
[EventCountry "ESP"]
[SourceTitle "EXT 2024"]
[Source "ChessBase"]
[SourceDate "2023.10.10"]
[SourceVersion "1"]
[SourceVersionDate "2023.10.10"]
[SourceQuality "1"]
[WhiteTeam "Circulo de Amistad XII Enero"]
[BlackTeam "Al Shah Mat Los Realejos"]
[WhiteTeamCountry "ESP"]
[BlackTeamCountry "ESP"]

1. d4 Nf6 2. c4 e6 3. Nc3 Bb4 4. e3 0-0 5. Bd3 d5 6. Nf3 dxc4 7. Bxc4 b6 8. 0-0 Bb7 9. Qe2 Nbd7 10. Rd1 Qe7 11. a3 Bxc3 12. bxc3 c5 13. a4 Rfd8 14. a5 Ne4 15. Qc2 cxd4 16. Ba3 Qf6 17. a6 Bc6 18. Nxd4 Ba4 19. Qxe4 Bxd1 20. Rxd1 Nc5 21. Qc2 e5 22. Bxc5 bxc5 23. Nb5 Rxd1+ 24. Qxd1 Rd8 25. Qf3 Qe7 26. Qb7 Rd7 27. Qb8+ Rd8 28. Qxa7 1-0

[Event "Tenerife-chT Preferente"]
[Site "Tenerife"]
[Date "2022.04.30"]
[Round "10.4"]
[White "Quintero Hernandez, Marcos Jesus"]
[Black "Pereda de Pablo, Ernesto"]
[Result "0-1"]
[WhiteElo "1457"]
[BlackElo "2079"]
[PlyCount "104"]
[EventDate "2022.01.29"]
[EventType "team-tourn"]
[EventRounds "14"]
[EventCountry "ESP"]
[SourceTitle "EXT 2024"]
[Source "ChessBase"]
[SourceDate "2023.10.10"]
[SourceVersion "1"]
[SourceVersionDate "2023.10.10"]
[SourceQuality "1"]
[WhiteTeam "Al Shah Mat Los Realejos"]
[BlackTeam "Ebano Barrio Nuevo"]
[WhiteTeamCountry "ESP"]
[BlackTeamCountry "ESP"]

1. c4 e5 2. Nc3 Nf6 3. g3 d5 4. cxd5 Nxd5 5. Bg2 Nb6 6. Nf3 Nc6 7. 0-0 Be7 8. d3 0-0 9. a3 Re8 10. Be3 Bf8 11. Rc1 Nd4 12. Bxd4 exd4 13. Nb5 c5 14. a4 Nd5 15. Na3 b6 16. Re1 Bb7 17. b3 Nc3 18. Rxc3 dxc3 19. Nb5 g6 20. Nxc3 Bg7 21. Qc2 Rc8 22. Nh4 Bxg2 23. Nxg2 Bh6 24. e4 Qd4 25. Nb5 Qd7 26. Nc3 Rc6 27. Nd5 Bg7 28. Qc4 Qb7 29. Nge3 a6 30. Rc1 b5 31. axb5 axb5 32. Qc2 Bd4 33. Qe2 h5 34. h4 Ra8 35. g4 hxg4 36. Qxg4 Bxe3 37. Nxe3 Qc8 38. Qg5 Qd8 39. Qh6 Qf6 40. Nd5 Qe6 41. Qg5 Ra7 42. Nf4 Qf6 43. Qg3 Ra1 44. Rxa1 Qxa1+ 45. Kg2 Qe5 46. Nd5 Qxg3+ 47. fxg3 Ra6 48. Nc7 Ra3 49. Nxb5 Rxb3 50. Nc7 Rxd3 51. Nd5 c4 52. Kf2 f5 0-1

[Event "Tenerife-chT Preferente"]
[Site "Tenerife"]
[Date "2022.04.23"]
[Round "9.4"]
[White "Baskewitsch, Pierre"]
[Black "Quintero Hernandez, Marcos Jesus"]
[Result "0-1"]
[WhiteElo "1873"]
[BlackElo "1457"]
[PlyCount "47"]
[EventDate "2022.01.29"]
[EventType "team-tourn"]
[EventRounds "14"]
[EventCountry "ESP"]
[SourceTitle "EXT 2024"]
[Source "ChessBase"]
[SourceDate "2023.10.10"]
[SourceVersion "1"]
[SourceVersionDate "2023.10.10"]
[SourceQuality "1"]
[WhiteTeam "Rey Ahogado"]
[BlackTeam "Al Shah Mat Los Realejos"]
[WhiteTeamCountry "ESP"]
[BlackTeamCountry "ESP"]

1. d4 Nf6 2. Bg5 d5 3. Bxf6 exf6 4. e3 Be6 5. c3 c6 6. Qc2 h6 7. Nf3 Nd7 8. Bd3 Bd6 9. 0-0 0-0 10. Nbd2 Rc8 11. Rfe1 c5 12. dxc5 Nxc5 13. Rad1 Nxd3 14. Qxd3 Qb6 15. b3 Rfd8 16. Rc1 Bf8 17. Nd4 a6 18. Nxe6 fxe6 19. Nf3 e5 20. Qf5 Qa5 21. e4 dxe4 22. Qe6+ Kh7 23. Rxe4 Qd5 24. Qf5+ 0-1

[Event "Tenerife-chT Primera"]
[Site "Tenerife"]
[Date "2022.02.19"]
[Round "4.2"]
[White "Quintero Hernandez, Marcos Jesus"]
[Black "Martinez Dubra, Mathias Nicolas"]
[Result "1-0"]
[WhiteElo "1457"]
[BlackElo "1569"]
[PlyCount "87"]
[EventDate "2022.01.29"]
[EventType "team-tourn"]
[EventRounds "14"]
[EventCountry "ESP"]
[SourceTitle "EXT 2024"]
[Source "ChessBase"]
[SourceDate "2023.10.10"]
[SourceVersion "1"]
[SourceVersionDate "2023.10.10"]
[SourceQuality "1"]
[WhiteTeam "Al Shah Mat Los Realejos II"]
[BlackTeam "La Victoria 94"]
[WhiteTeamCountry "ESP"]
[BlackTeamCountry "ESP"]

1. d4 c5 2. e3 e6 3. Nf3 Nf6 4. Bd3 Nc6 5. 0-0 Qc7 6. c3 Bd6 7. h3 e5 8. Nbd2 0-0 9. dxe5 Nxe5 10. Nxe5 Bxe5 11. f4 Bd6 12. Nc4 Be7 13. e4 b5 14. Ne3 c4 15. Bc2 Bc5 16. Kh1 Bb7 17. Nd5 Nxd5 18. exd5 Qd6 19. Be4 Rfe8 20. Bf3 Be3 21. Bxe3 Rxe3 22. Qd4 Rd3 23. Qf2 Qxf4 24. Rad1 Rxd1 25. Rxd1 h6 26. Qc5 a6 27. Qe7 Qf5 28. Bg4 Qc2 29. Qxd7 Bc8 30. Qe8+ Kh7 31. Bf3 f5 32. Qc6 Ra7 33. Qxc8 Qxb2 34. Qxf5+ g6 35. Qe5 b4 36. Qd4 Rd7 37. cxb4 Qxb4 38. Bg4 Re7 39. d6 Re1+ 40. Rxe1 Qxe1+ 41. Kh2 h5 42. Bf3 h4 43. Qf4 c3 44. Be4 1-0

[Event "Tenerife-chT Primera"]
[Site "Tenerife"]
[Date "2022.02.12"]
[Round "3.2"]
[White "Delgado Delgado, Jose Miguel"]
[Black "Quintero Hernandez, Marcos Jesus"]
[Result "1/2-1/2"]
[WhiteElo "1736"]
[BlackElo "1457"]
[PlyCount "34"]
[EventDate "2022.01.29"]
[EventType "team-tourn"]
[EventRounds "14"]
[EventCountry "ESP"]
[SourceTitle "EXT 2024"]
[Source "ChessBase"]
[SourceDate "2023.10.10"]
[SourceVersion "1"]
[SourceVersionDate "2023.10.10"]
[SourceQuality "1"]
[WhiteTeam "Playa San Juan"]
[BlackTeam "Al Shah Mat Los Realejos II"]
[WhiteTeamCountry "ESP"]
[BlackTeamCountry "ESP"]

1. c4 Nf6 2. Nc3 e6 3. Nf3 b6 4. g3 Bb7 5. Bg2 Be7 6. 0-0 0-0 7. Qc2 c5 8. Re1 Nc6 9. e3 a6 10. d4 cxd4 11. exd4 d5 12. cxd5 Nb4 13. Qb3 Nbxd5 14. Bd2 Rc8 15. Rac1 Bd6 16. Bg5 Be7 17. Bf1 h6 1/2-1/2

[Event "Tenerife-chT Segunda"]
[Site "Tenerife"]
[Date "2021.09.25"]
[Round "12.4"]
[White "Quintero Hernandez, Marcos Jesus"]
[Black "Cordero Alamo, Ramon"]
[Result "1/2-1/2"]
[WhiteElo "1200"]
[BlackElo "1404"]
[PlyCount "55"]
[EventDate "2021.02.27"]
[EventType "team-tourn"]
[EventRounds "13"]
[EventCountry "ESP"]
[SourceTitle "EXT 2023"]
[Source "ChessBase"]
[SourceDate "2022.10.05"]
[SourceVersion "1"]
[SourceVersionDate "2022.10.05"]
[SourceQuality "1"]
[WhiteTeam "Al Shah Mat Los Realejos III"]
[BlackTeam "Caissa Enroque"]
[WhiteTeamCountry "ESP"]
[BlackTeamCountry "ESP"]

1. c4 Nf6 2. Nc3 g6 3. g3 Bg7 4. Bg2 0-0 5. e3 c6 6. Nge2 d5 7. cxd5 Nxd5 8. 0-0 Nxc3 9. Nxc3 Nd7 10. d4 Nf6 11. b3 Nd5 12. Bb2 Nxc3 13. Bxc3 c5 14. Qd2 cxd4 15. exd4 Rb8 16. Rfe1 Be6 17. Rad1 Re8 18. d5 Bxc3 19. Qxc3 Bf5 20. Qe3 Qa5 21. Rd2 b6 22. Red1 Qc5 23. Qxc5 bxc5 24. Rc1 Rbc8 25. h4 Rc7 26. Bf3 h5 27. Kg2 Rec8 28. d6 1/2-1/2

[Event "Tenerife-chT Segunda"]
[Site "Tenerife"]
[Date "2021.03.06"]
[Round "2.2"]
[White "Rodriguez Tudanca, Abel"]
[Black "Quintero Hernandez, Marcos Jesus"]
[Result "1/2-1/2"]
[WhiteElo "1650"]
[BlackElo "1200"]
[PlyCount "38"]
[EventDate "2021.02.27"]
[EventType "team-tourn"]
[EventRounds "13"]
[EventCountry "ESP"]
[SourceTitle "EXT 2023"]
[Source "ChessBase"]
[SourceDate "2022.10.05"]
[SourceVersion "1"]
[SourceVersionDate "2022.10.05"]
[SourceQuality "1"]
[WhiteTeam "Smyslov Anaza"]
[BlackTeam "Al Shah Mat Los Realejos III"]
[WhiteTeamCountry "ESP"]
[BlackTeamCountry "ESP"]

1. e4 c5 2. Nf3 e6 3. d4 cxd4 4. Nxd4 a6 5. Nc3 Qc7 6. g3 Nf6 7. Bg2 Be7 8. 0-0 0-0 9. Re1 d6 10. Be3 Nc6 11. h3 Bd7 12. Nce2 Rac8 13. c3 Ne5 14. b3 Bc6 15. Nxc6 Nxc6 16. c4 Rfd8 17. Qc1 Nd7 18. Rd1 Nc5 19. Rb1 a5 1/2-1/2

[Event "Tenerife-chT Primera"]
[Site "Tenerife"]
[Date "2021.02.27"]
[Round "1.4"]
[White "Mansino Febles, Eusebio Valentin"]
[Black "Quintero Hernandez, Marcos Jesus"]
[Result "0-1"]
[WhiteElo "1478"]
[BlackElo "1200"]
[PlyCount "68"]
[EventDate "2021.02.27"]
[EventType "team-tourn"]
[EventRounds "14"]
[EventCountry "ESP"]
[SourceTitle "EXT 2023"]
[Source "ChessBase"]
[SourceDate "2022.10.05"]
[SourceVersion "1"]
[SourceVersionDate "2022.10.05"]
[SourceQuality "1"]
[WhiteTeam "La Victoria 94"]
[BlackTeam "Al Shah Mat Los Realejos II"]
[WhiteTeamCountry "ESP"]
[BlackTeamCountry "ESP"]

1. e4 c6 2. d4 d5 3. e5 Bf5 4. Bd3 Bxd3 5. Qxd3 e6 6. f4 g6 7. Nf3 Bg7 8. Be3 Ne7 9. c3 Nd7 10. Na3 0-0 11. Nc2 Rc8 12. 0-0 c5 13. Rac1 c4 14. Qe2 a6 15. Na3 Qb6 16. Rb1 Qc6 17. g4 b5 18. h4 b4 19. Nc2 Rb8 20. Bd2 b3 21. axb3 Rxb3 22. h5 Rfb8 23. hxg6 fxg6 24. f5 exf5 25. e6 Nf6 26. Bg5 R8b6 27. Rfe1 fxg4 28. Na3 h5 29. Qf2 Nf5 30. e7 Rb8 31. Bxf6 Bxf6 32. e8Q+ Rxe8 33. Rxe8+ Qxe8 34. Re1 Qf7 0-1

[Event "Tenerife U2000 1st"]
[Site "Tenerife"]
[Date "2021.02.07"]
[Round "9"]
[White "Gomez Mederos, Daniel"]
[Black "Quintero Hernandez, Marcos Jesus"]
[Result "0-1"]
[WhiteElo "1096"]
[BlackElo "1200"]
[PlyCount "94"]
[EventDate "2021.01.23"]
[EventType "tourn"]
[EventRounds "9"]
[EventCountry "ESP"]
[SourceTitle "CBM 200 Extra"]
[Source "ChessBase"]
[SourceDate "2021.03.31"]
[SourceVersion "1"]
[SourceVersionDate "2021.03.31"]
[SourceQuality "1"]

1. e4 c5 2. Nf3 e6 3. Nc3 a6 4. d3 Nc6 5. Be3 Be7 6. Be2 d5 7. d4 cxd4 8. Nxd4 Nf6 9. exd5 exd5 10. 0-0 0-0 11. Bf4 Bd7 12. Bf3 Nxd4 13. Qxd4 Bc6 14. Rfe1 Qd7 15. Rad1 Rad8 16. Re2 Rfe8 17. Red2 Bd6 18. h3 Bxf4 19. Qxf4 Qe6 20. Re2 Qd7 21. Red2 Qe6 22. Re2 Qd7 23. Red2 h6 24. Qd4 Qf5 25. Qc5 Re5 26. Qa5 Rde8 27. Rd3 d4 28. g4 Rxa5 29. gxf5 Bxf3 30. Rxf3 dxc3 31. Rxc3 Rxf5 32. Rc7 b5 33. Rc6 a5 34. Rd2 Re1+ 35. Kg2 Ne4 36. Rd8+ Kh7 37. f3 Ng5 38. Rd3 Ne6 39. Rdc3 b4 40. R3c4 Re2+ 41. Kg3 g5 42. Kg4 Kg6 43. Kg3 h5 44. Re4 h4+ 45. Rxh4 gxh4+ 46. Kg4 Rg2+ 47. Kxh4 Rf4# 0-1

[Event "Tenerife U2000 1st"]
[Site "Tenerife"]
[Date "2021.01.31"]
[Round "6"]
[White "Quintero Hernandez, Marcos Jesus"]
[Black "Baez Luis, Adrian"]
[Result "1/2-1/2"]
[WhiteElo "1200"]
[BlackElo "1622"]
[PlyCount "75"]
[EventDate "2021.01.23"]
[EventType "tourn"]
[EventRounds "9"]
[EventCountry "ESP"]
[SourceTitle "CBM 200 Extra"]
[Source "ChessBase"]
[SourceDate "2021.03.31"]
[SourceVersion "1"]
[SourceVersionDate "2021.03.31"]
[SourceQuality "1"]

1. e4 c5 2. Nf3 d6 3. d4 cxd4 4. Nxd4 Nf6 5. Nc3 a6 6. a4 e5 7. Nb3 Be7 8. Bc4 Be6 9. Qe2 Nbd7 10. h3 Rc8 11. Bxe6 fxe6 12. 0-0 0-0 13. f4 exf4 14. Bxf4 Nb6 15. e5 Nfd5 16. Nxd5 Nxd5 17. Bg3 dxe5 18. Rxf8+ Bxf8 19. Bxe5 Bd6 20. c3 Bxe5 21. Qxe5 Qf6 22. Re1 Nf4 23. Nd4 Nd3 24. Qxe6+ Qxe6 25. Rxe6 Nxb2 26. Rb6 Nxa4 27. Rxb7 Nxc3 28. Ra7 Nb5 29. Nxb5 axb5 30. Rb7 Rc1+ 31. Kf2 Rb1 32. Ke3 h6 33. h4 h5 34. Kf4 Kh7 35. Kg5 Rb2 36. g3 Rb3 37. Kxh5 Rxg3 38. Rxg7+ 1/2-1/2

[Event "Tenerife U2000 1st"]
[Site "Tenerife"]
[Date "2021.01.23"]
[Round "2"]
[White "Mamani Beltran, Deniman"]
[Black "Quintero Hernandez, Marcos Jesus"]
[Result "1-0"]
[WhiteElo "1889"]
[BlackElo "1200"]
[PlyCount "74"]
[EventDate "2021.01.23"]
[EventType "tourn"]
[EventRounds "9"]
[EventCountry "ESP"]
[SourceTitle "CBM 200 Extra"]
[Source "ChessBase"]
[SourceDate "2021.03.31"]
[SourceVersion "1"]
[SourceVersionDate "2021.03.31"]
[SourceQuality "1"]

1. Nf3 Nf6 2. g3 c6 3. Bg2 d5 4. 0-0 Bf5 5. d3 e6 6. Nc3 Be7 7. Re1 0-0 8. Bf4 Nbd7 9. h3 b5 10. Nd4 Qb6 11. Nxf5 exf5 12. e4 fxe4 13. dxe4 dxe4 14. Nxe4 Rfe8 15. Nd6 Bxd6 16. Qxd6 Rxe1+ 17. Rxe1 Rc8 18. Re7 h6 19. Be3 Qc7 20. Qxc7 Rxc7 21. Bf4 Rc8 22. Bd6 a5 23. h4 g5 24. hxg5 hxg5 25. Be5 c5 26. Bb7 Rd8 27. Bc7 Re8 28. Rxe8+ Nxe8 29. Bxa5 Nd6 30. Bc6 Ne5 31. Bd5 Kf8 32. Bd8 g4 33. Kg2 Ke8 34. Bf6 Ng6 35. Bc6+ Kf8 36. b3 Ne7 37. Bd7 Ndf5 1-0

[Event "Tenerife-chT Segunda 1920"]
[Site "Tenerife"]
[Date "2019.11.30"]
[Round "1.2"]
[White "Gonzalez Miranda, Alejandro"]
[Black "Quintero Hernandez, Marcos Jesus"]
[Result "1-0"]
[WhiteElo "1328"]
[BlackElo "1228"]
[PlyCount "57"]
[EventDate "2019.11.30"]
[EventType "team-tourn"]
[EventRounds "14"]
[EventCountry "ESP"]
[SourceTitle "CBM 195 Extra"]
[Source "ChessBase"]
[SourceDate "2020.05.31"]
[SourceVersion "1"]
[SourceVersionDate "2020.05.31"]
[SourceQuality "1"]
[WhiteTeam "Santa Ursula Badnor"]
[BlackTeam "Al Shah Mat Los Realejos III"]
[WhiteTeamCountry "ESP"]
[BlackTeamCountry "ESP"]

1. e4 c5 2. Nf3 e6 3. d4 cxd4 4. Nxd4 Be7 5. Nc3 d6 6. Bc4 Nf6 7. 0-0 0-0 8. Be3 Nc6 9. Nb3 Re8 10. a4 a6 11. Qd3 Ne5 12. Qe2 Nxc4 13. Qxc4 Bd7 14. Rad1 Bc6 15. e5 d5 16. Qe2 Nd7 17. Bd4 Qc7 18. Rd3 Bb4 19. Rg3 Bxc3 20. Bxc3 b5 21. axb5 Bxb5 22. Qg4 g6 23. Re1 Qc4 24. Qg5 Qc8 25. Qh6 f5 26. Rh3 Re7 27. Nd4 Qf8 28. Qh4 Qd8 29. Nxe6 1-0